Techniques of finite elements /

Guardado en:
Autor Principal: Irons, Bruce.
Otros Autores: Ahmad, Sohrab.
Formato: Libro
Idioma:English
Publicado: Chichester [Eng.] : New York : E. Horwood ; Halsted Press, 1980.
Series:Ellis Horwood series in engineering science
Materias:
Etiquetas: Agregar Etiqueta
Sin Etiquetas, Sea el primero en etiquetar este registro!
LEADER 00901pam a22002655a 4500
001 EIQ.libpla001059
008 790816s1980####enka#####b####001#0#eng#d
005 20071227151340.0
245 1 0 |a Techniques of finite elements /  |c Bruce Irons and Sohrab Ahmad. 
260 |a Chichester [Eng.] :  |b E. Horwood ;  |a New York :  |b Halsted Press,  |c 1980. 
300 |a 529 p. :  |b il. ;  |c 24 cm. 
490 0 |a Ellis Horwood series in engineering science 
504 |a Bibliografía: p. [511]-521. 
500 |a Incluye índices. 
020 |a 0470268557 (Halsted Press) 
100 1 |a Irons, Bruce. 
700 1 |a Ahmad, Sohrab. 
082 0 0 |a 620/.0042 
650 4 |a Elemento finito  |x Método. 
650 4 |a Ingeniería  |x Matemáticas. 
650 4 |a Finite element  |x Method. 
650 4 |a Engineering  |x Mathematics. 
010 |a  79040994  
040 |a DLC  |c DLC  |d AR-BbSID 
859 |a AR-BbSID  |b BIB. PLAPIQUI  |h 620.001  |i Ir 8  |p 157